000
00294nam a2200109Ia 4500
008
200302s9999 xx 000 0 und d
100
_a
Martin Miller
245
_a
Start to Finish Sheds & Gazebos Planning Building Personalizing
260
_b
Ortho Books Ltd.
260
_c
2003
300
_a
112 P.,
999
_c
1756
_d
1756